| 000 | 00640nam a2200241Ia 4500 | ||
|---|---|---|---|
| 003 | OSt | ||
| 005 | 20220924124324.0 | ||
| 006 | a|||||r|||| 00| 0 | ||
| 007 | ta | ||
| 008 | 220923b |||||||| |||| 00| 0 san d | ||
| 024 | _a54336 | ||
| 037 | _cTextual | ||
| 040 |
_aARTS _cARTS _bsan |
||
| 041 |
_2san _asan |
||
| 082 | _aP15,40Ax1,1x, 15M2 | ||
| 100 |
_aBhagvaddatta _9195456 |
||
| 245 | 0 | _aAtharva Vediya Mandu ki Shiksha | |
| 260 |
_aNew Delhi _b Panini _c1982 |
||
| 300 |
_a25p. _ccm. |
||
| 650 | _aLINGUISTICS | ||
| 942 |
_hP15,40Ax1,1x, 15M2 _cTEXL _2CC |
||
| 999 |
_c419244 _d419244 |
||